LEADER 01190nam a2200241 i 4500 001 000000364798 003 CaOOAMICUS 005 20251022142217.0 008 251022s2025 it a u000 u ita u 020 $a978-88-7984-968-5 040 $aSeMil$bita 100 1 $aFrazer, James George,$d<1854-1941>.$0(OLS)http://semarc/name/9510 240 10$aSpirits of the corn and of the wild.$0(OLS)http://semarc/title/456285 245 10$a7: Parte quinta : Spiriti del grano e delle terre selvagge :$btomo 1 /$cJames George Frazer ; edizione e traduzione a cura di Fabrizio Bagatti. 264 1$aMilano :$bLuni,$c2025. 300 $a358 p., [1] carta di tav. :$b1 ritr. ;$c23 cm 773 0 $aFrazer, James George <1854-1941>$tRamo d'oro.$dMilano : Luni, 2022-$bEdizione integrale$kTradizioni$g7$w()353738 850 $aSeMil 852 $aSeMil$W1$xVenegono$y1$m2NA O 7$j263673$B255624$CSeMilBibl$Z2$F255624 $81 996 $6020$a978-88-7984-968-5$9(OLS)http://semarc/number/304395 996 $6245$a7: Parte quinta : Spiriti del grano e delle terre selvagge :$btomo 1$9(OLS)http://semarc/title/456284 996 $6264$aMilano :$bLuni$9(OLS)http://semarc/publisher/31118 LEADER 01009nam a2200241 i 4500 001 000000226061 003 CaOOAMICUS 005 20140103000000.0 008 140103s1996 it u000 u ita u 013 $a204963 020 $a88-8118-164-9 040 $aSeMil$bita 245 10$aNasce un Museo :$bargomenti per il nuovo Museo Diocesano di Milano. 260 $aMilano :$bSkira,$c1996. 300 $a79 p. :$bill. ;$c21 cm. 500 $aPubblicato in occasione di una Mostra tenuta a Milano nel 1996. 650 4$aMilano - Museo Diocesano.$0(OLS)http://semarc/subject/18093 850 $aSeMil 852 $aSeMil$W1$xVenegono$y1$m5R I 143$j176407$B176407$CSeMilBibl$Z2$F187620 $81 961 $aOmaggio: Grampa dott. Cesare 996 $6020$a88-8118-164-9$9(OLS)http://semarc/number/227175 996 $6245$aNasce un Museo :$bargomenti per il nuovo Museo Diocesano di Milano$9(OLS)http://semarc/title/323716 996 $6260$aMilano :$bSkira$9(OLS)http://semarc/publisher/32219